| 000 | 01225cpcaa2200301 a 4500 | ||
|---|---|---|---|
| 001 | mm 83001401 | ||
| 003 | DLC | ||
| 005 | 20260227111718.0 | ||
| 008 | 830926|||||||||||| eng | ||
| 010 | _amm 83001401 | ||
| 040 |
_aDLC _cDLC _edacs _dDLC |
||
| 072 | 7 |
_aN _2lcmd |
|
| 100 | 1 |
_aScott, Winfield, _d1786-1866. |
|
| 245 | 0 | 0 |
_aWinfield Scott orderly book, _f1847-1848. |
| 300 |
_a1 _fvolume. |
||
| 506 | 0 | _aOpen to research. | |
| 520 | 8 | _aOrderly book (1847 February 18-1848 May 17) containing printed orders issued by Scott and a few by Gen. William Orlando Butler during the Mexican War. Orders signed by Scott's aide, H. L. Scott. | |
| 545 | 0 | _aArmy officer. | |
| 546 | _aCollection material in English. | ||
| 580 | _aForms part of: Miscellaneous Manuscripts collection. | ||
| 600 | 1 | 0 |
_aButler, William Orlando, _d1791-1880. |
| 600 | 1 | 0 |
_aScott, H. L. _q(Henry Lee), _d1814-1886. |
| 610 | 1 | 0 |
_aUnited States. _bArmy _xHistory _yMexican War, 1846-1848. |
| 610 | 1 | 0 |
_aUnited States. _bArmy _vOrder-books. |
| 650 | 0 | _aMexican War, 1846-1848. | |
| 656 | 7 |
_aArmy officers. _2itoamc |
|
| 999 |
_c43851 _d43851 |
||